000 00489nam a22002177a 4500
003 UA-OsUOA
001 42274
007 ta
008 20081212b un ||||| |||| 00| 0 ukr d
090 _a243
_bС49
942 _cBK
040 _aUA-OsUOA
_bukr
_cUA-OsUOA
_dUA-OsUOA
245 _aСлужебник
300 _a235 с.
955 _a4
041 _aukr
080 _a243
260 _aВінніпег
_c1994
650 7 _a2 Релігія. Теологія.
_2UDC
999 _c440772
_d440772